Feltörekvő desztinációk az Adria partján

Bibliographic Details
Main Author: Schindl Péter
Other Authors: Egedy Dr. Tamás
Format: Thesis
Kulcsszavak:Adria
turizmus
Balkán
Montenegró
Albánia
Bosznia
Online Access:http://dolgozattar.uni-bge.hu/20623

MARC

LEADER 00000nta a2200000 i 4500
001 dolg20623
005 20190909132757.0
008 190506suuuu hu om 000 hun d
040 |a BGE Dolgozattár Repozitórium  |b hun 
041 |a hu 
100 1 |a Schindl Péter 
245 1 0 |a Feltörekvő desztinációk az Adria partján  |c Schindl Péter  |h [elektronikus dokumentum] 
246 1 1 |a Feltörekvő desztinációk az Adria partján 
695 |a Adria 
695 |a turizmus 
695 |a Balkán 
695 |a Montenegró 
695 |a Albánia 
695 |a Bosznia 
700 1 |a Egedy Dr. Tamás  |e ths 
856 4 0 |u http://dolgozattar.uni-bge.hu/20623/1/Schindl_P%C3%A9ter_VJJTJI.pdf  |z Dokumentum-elérés